| 000 | 00654nam a22001935i 4500 | ||
|---|---|---|---|
| 001 | 161249 | ||
| 003 | ES-MaACL | ||
| 005 | 20250717094526.0 | ||
| 008 | 041015s1887 fr |||| | fre d | ||
| 040 |
_aCAM _bspa _cCAM |
||
| 100 | 1 |
_aPajot, Charles. _9130780 |
|
| 245 | 1 | 0 |
_aMémorial obstétrical / _cpar Pajot. |
| 260 |
_aParis : _bG. Steinheil, libraire-éditeur, _c1887 ( _fImp. du Fort-Carré) |
||
| 300 |
_a29 p. ; _c22 cm. |
||
| 500 | _aDatos tomados de la cub. | ||
| 650 | 7 |
_aObstetricia _2embne _915676 |
|
| 852 |
_aES-MaACL _jT-1007-F-2 _z-- Enc. hol., conservando la cub. original _z-- Enc. en un vol. facticio |
||
| 999 |
_c161249 _d161249 |
||